AYURVEDEY RSAYAN SAR (Record no. 7695)

MARC details
000 -LEADER
fixed length control field 00305nam a2200121Ia 4500
082 ## - DEWEY DECIMAL CLASSIFICATION NUMBER
Classification number 615.53
Item number A 13 S
100 ## - MAIN ENTRY--PERSONAL NAME
Personal name SHREE VASTAV DR.SELJA
245 ## - TITLE STATEMENT
Title AYURVEDEY RSAYAN SAR
260 ## - PUBLICATION, DISTRIBUTION, ETC. (IMPRINT)
Name of publisher, distributor, etc CHAUKHAMBHA PUB. NEW DELHI
Year of Publication 2013
300 ## - PAGE DESCRIPTION
No. of Pages 164
942 ## - ADDED ENTRY ELEMENTS (KOHA)
Source of classification or shelving scheme Dewey Decimal Classification
Koha item type Books
Holdings
Withdrawn status Lost status Source of classification or shelving scheme Damaged status Not for loan Collection code Home library Current library Date acquired Vendor Name SGTU Bill Number Total Checkouts Full call number Accession No. (Barcode) Date last seen Bill Date Koha item type Use restrictions Shelving location
    Dewey Decimal Classification     AYURVEDA SGT FA-FP Library SGT FA-FP Library 14/09/2015 CHAUKHAMBHA PUB. NEW DELHI SGTU CP/B453   615.53 A 13 S FA96 03/10/2020 27/09/2014 Books    
    Dewey Decimal Classification     AYURVEDA SGT FA-FP Library SGT FA-FP Library 14/09/2015 CHAUKHAMBHA PUB. NEW DELHI SGTU CP/B453   615.53 A 13 S FA97 14/09/2015 27/09/2014 Books    
    Dewey Decimal Classification     AYURVEDA SGT FA-FP Library SGT FA-FP Library 14/09/2015 CHAUKHAMBHA PUB. NEW DELHI SGTU CP/B453   615.53 A 13 S FA98 14/09/2015 27/09/2014 Books Restricted Access Reference Book
    Dewey Decimal Classification     AYURVEDA SGT FA-FP Library SGT FA-FP Library 14/09/2015 CHAUKHAMBHA PUB. NEW DELHI SGTU CP/B453   615.53 A 13 S FA99 14/09/2015 27/09/2014 Books    
    Dewey Decimal Classification     AYURVEDA SGT FA-FP Library SGT FA-FP Library 14/09/2015 CHAUKHAMBHA PUB. NEW DELHI SGTU CP/B453   615.53 A 13 S FA100 14/09/2015 27/09/2014 Books